CONCEPTS OF GENETICS (Record no. 31196)
[ view plain ]
| 000 -LEADER | |
|---|---|
| fixed length control field | 00340nam a22001577a 4500 |
| 003 - CONTROL NUMBER IDENTIFIER | |
| control field | SGT |
| 020 ## - INTERNATIONAL STANDARD BOOK NUMBER | |
| International Standard Book Number | 978-93-539-4040-9 |
| 082 ## - DEWEY DECIMAL CLASSIFICATION NUMBER | |
| Classification number | 576.5 |
| Item number | KLU |
| 100 ## - MAIN ENTRY--PERSONAL NAME | |
| Personal name | KLUG, WILLIAM S. |
| 245 ## - TITLE STATEMENT | |
| Title | CONCEPTS OF GENETICS |
| 250 ## - EDITION STATEMENT | |
| Edition statement | 11TH |
| 260 ## - PUBLICATION, DISTRIBUTION, ETC. (IMPRINT) | |
| Place of publication, distribution, etc | INDIA |
| Name of publisher, distributor, etc | PEARSON PUB. |
| Year of Publication | 2020 |
| 300 ## - PAGE DESCRIPTION | |
| No. of Pages | 866 |
| 650 ## - SUBJECT ADDED ENTRY--TOPICAL TERM | |
| Topical term or geographic name as entry element | GENETICS |
| 942 ## - ADDED ENTRY ELEMENTS (KOHA) | |
| Source of classification or shelving scheme | Dewey Decimal Classification |
| Koha item type | Books |
| Withdrawn status | Lost status | Source of classification or shelving scheme | Damaged status | Not for loan | Home library | Current library | Shelving location | Date acquired | Vendor Name | Cost, normal purchase price | SGTU | Bill Number | Full call number | Accession No. (Barcode) | Date last seen | Bill Date | Koha item type | Total Checkouts | Date last borrowed |
|---|---|---|---|---|---|---|---|---|---|---|---|---|---|---|---|---|---|---|---|
| Dewey Decimal Classification | Not For Loan | SGT Science & Social Sciences Library | SGT Science & Social Sciences Library | Reference Book | 19/05/2025 | SAVERA BOOK DISTRIBUTORS | 1560.00 | SGTU | 25-26/CRB/41 | 576.5 KLU | AG2662 | 19/05/2025 | Books | ||||||
| Dewey Decimal Classification | SGT Science & Social Sciences Library | SGT Science & Social Sciences Library | Text Book | 19/05/2025 | SAVERA BOOK DISTRIBUTORS | 1560.00 | SGTU | 25-26/CRB/41 | 576.5 KLU | AG2663 | 19/05/2025 | Books | |||||||
| Dewey Decimal Classification | SGT Science & Social Sciences Library | SGT Science & Social Sciences Library | Text Book | 19/05/2025 | SAVERA BOOK DISTRIBUTORS | 1560.00 | SGTU | 25-26/CRB/41 | 576.5 KLU | AG2664 | 19/05/2025 | Books | |||||||
| Dewey Decimal Classification | SGT Science & Social Sciences Library | SGT Science & Social Sciences Library | Text Book | 19/05/2025 | SAVERA BOOK DISTRIBUTORS | 1560.00 | SGTU | 25-26/CRB/41 | 576.5 KLU | AG2665 | 25/11/2025 | Books | 2 | 18/11/2025 |